Biblioteca y Centro de Documentación

Report 1993-1996 (Registro nro. 5486)

Detalles MARC
000 -CABECERA
Longitud fija campo de control 01079nam a2200301 c 4500
001 - NÚMERO DE CONTROL
Número de control 5486
003 - IDENTIFICADOR DE NÚMERO DE CONTROL
Identificador del número de control ES-MaCES
005 - FECHA Y HORA DE LA ÚLTIMA TRANSACCIÓN
Fecha y hora de la última transacción 20141221121801.0
008 - CAMPO FIJO DE DESCRIPCIÓN FIJA--INFORMACIÓN GENERAL
Códigos de información de longitud fija   970520s1997 dk ||| | eng d
035 ## - NÚMERO DE CONTROL DEL SISTEMA
Número de control del sistema CES19980055291m
040 ## - FUENTE DE CATALOGACIÓN
Centro catalogador de origen ES-MaCES
Lengua de catalogación spa
Centro transcriptor ES-MaCES
110 2# - ENCABEZAMIENTO PRINCIPAL--NOMBRE CORPORATIVO
Nombre de entidad corporativa o nombre de jurisdicción como elemento inicial Centre for Labour Market and Social Research (Dinamarca)
9 (RLIN) 1835
245 10 - MENCIÓN DE TÍTULO
Título Report 1993-1996
Mención de responsabilidad, etc. Centre for Labour Market and Social Research
260 ## - PUBLICACIÓN, DISTRIBUCIÓN, ETC (PIE DE IMPRENTA)
Lugar de publicación, distribución, etc. Aarhus C. (Dinamarca)
Nombre del editor, distribuidor, etc. Centre for Labour Market and Social Research
Fecha de publicación, distribución, etc. 1997
300 ## - DESCRIPCIÓN FÍSICA
Extensión 49 p.
Dimensiones 22 cm
490 1# - MENCIÓN DE SERIE
Mención de serie Working paper
Designación de volumen o secuencia 97-01
541 ## - NOTA DE LA FUENTE INMEDIANTE DE ADQUISICIÓN
Forma de adquisición Gratuito
610 24 - ASIENTO SECUNDARIO DE MATERIA--NOMBRE CORPORATIVO
Nombre de entidad corporativa o nombre de jurisdicción como elemento inicial Centre for Labour Market and Social Research (Dinamarca)
9 (RLIN) 1835
650 #4 - ASIENTO SECUNDARIO DE MATERIA--TÉRMINO DE MATERIA
Término de materia o nombre geográfico como elemento inicial memoria anual
9 (RLIN) 28977
650 #4 - ASIENTO SECUNDARIO DE MATERIA--TÉRMINO DE MATERIA
Término de materia o nombre geográfico como elemento inicial informe de actividades
9 (RLIN) 28984
650 #4 - ASIENTO SECUNDARIO DE MATERIA--TÉRMINO DE MATERIA
Término de materia o nombre geográfico como elemento inicial 1993-1996
9 (RLIN) 30823
650 #4 - ASIENTO SECUNDARIO DE MATERIA--TÉRMINO DE MATERIA
Término de materia o nombre geográfico como elemento inicial informe
9 (RLIN) 28986
653 10 - TÉRMINO DE INDEXACIÓN--NO CONTROLADO
Término no controlado Administración-Instituciones públicas
830 #0 - ENCABEZAMIENTO SECUNDARIO DE COLECCIÓN--TÍTULO UNIFORME
Título uniforme Working paper (Centre for Labour Market and Social Research (Dinamarca))
Designación de volumen o secuencia 97-01
9 (RLIN) 32631
902 ## - CES. TIPO DE DOCUMENTO
Tipodoc (006$c Sirtex) LIB Libro
942 ## - ELEMENTOS KOHA
Fuente de clasificaión o esquema Clasificación propia del CES
Koha [por defecto] tipo de item Monografías
Parte de clasificación 6.3.
Existencias
Número de registro Signatura completa Tipo de item de Koha
020206 DPT-2029 Monografías
© CES, Consejo Económico y Social de España 2021